Capitales de l'Amérique du Sud - Quiz - Statistiques

Statistiques générales
  • Ce quiz a été pris 442 fois
  • Le résultat moyen est 9 sur 12
Statistiques - réponses
Pays Capitales % Correct
Brésil Brasilia
98%
Argentine Buenos-Aires
98%
Colombie Bogotá
87%
Chili Santiago
86%
Pérou Lima
85%
Bolivie La Paz/Sucre
81%
Uruguay Montevideo
80%
Équateur Quito
71%
Venezuela Caracas
68%
Paraguay Asunción
56%
Guyana Georgetown
53%
Suriname Paramaribo
41%
Aucun quiz correspondant
Distribution des résultats
% des personnes avec chaque résultat
Percentile par nombre de réponses
Votre historique - résultats
Vous n’avez pas pris ce quiz